[Event "CUB-ch U18 Girls"]
[Site "San Nicolas de Bari"]
[Date "2018.06.18"]
[Round "9"]
[White "Rodriguez Guerra, Melissa"]
[Black "Mantilla Gras, Geydis de la C"]
[Result "1/2-1/2"]
[WhiteElo "1949"]
[BlackElo "2092"]
[PlyCount "69"]
[EventDate "2018.06.13"]
[EventType "swiss"]
[EventRounds "9"]
[EventCountry "CUB"]
[SourceTitle "EXT 2021"]
[Source "ChessBase"]
[SourceDate "2020.10.23"]
[SourceVersion "1"]
[SourceVersionDate "2020.10.23"]
[SourceQuality "1"]

1. e4 c5 2. Nf3 d6 3. Bb5+ Nc6 4. 0-0 Bd7 5. Re1 a6 6. Bxc6 Bxc6 7. d4 cxd4 8. Nxd4 Nf6 9. Nxc6 bxc6 10. e5 dxe5 11. Qf3 e4 12. Qc3 Qd7 13. Nd2 Nd5 14. Qb3 f5 15. Nc4 e6 16. Nb6 Nxb6 17. Qxb6 Bd6 18. Be3 Bc7 19. Qc5 Qd6 20. Qxd6 Bxd6 21. Rad1 Rd8 22. Bb6 Rd7 23. f3 exf3 24. Rxe6+ Be7 25. Rde1 Kf7 26. gxf3 Rc8 27. b3 Bb4 28. R1e2 Rd1+ 29. Kg2 g5 30. h4 gxh4 31. Rh6 Rg8+ 32. Kf2 Bd6 33. Rxh7+ Rg7 34. Rxg7+ Kxg7 35. Kg2 1/2-1/2

[Event "CUB-ch U18 Girls"]
[Site "Camaguey"]
[Date "2017.06.25"]
[Round "7.3"]
[White "Diaz Del Valle, Laura Beatriz"]
[Black "Rodriguez Guerra, Melissa"]
[Result "1-0"]
[WhiteElo "2134"]
[BlackElo "2121"]
[PlyCount "121"]
[EventDate "2017.06.21"]
[EventType "swiss"]
[EventRounds "9"]
[EventCountry "CUB"]
[SourceTitle "EXT 2023"]
[Source "ChessBase"]
[SourceDate "2022.10.05"]
[SourceVersion "1"]
[SourceVersionDate "2022.10.05"]
[SourceQuality "1"]

1. c4 e6 2. Nc3 Nf6 3. g3 d5 4. e3 c5 5. Bg2 Nc6 6. b3 d4 7. Na4 Nb4 8. a3 Nd3+ 9. Ke2 Ng4 10. Nh3 Nxc1+ 11. Rxc1 e5 12. f3 Nf6 13. Nf2 Bd6 14. e4 Bd7 15. Nb2 Rc8 16. Bh3 Nh5 17. Bxd7+ Qxd7 18. Ke1 g6 19. Qe2 0-0 20. Nbd3 Qe6 21. Rg1 Rce8 22. Kd1 Kh8 23. Kc2 b5 24. Nb2 bxc4 25. Nxc4 f5 26. d3 Rf6 27. Rce1 Bc7 28. Rgf1 f4 29. g4 Ng7 30. h4 Rf7 31. Rh1 h6 32. Nh3 Rb8 33. Rb1 Bd6 34. Rb2 Rfb7 35. h5 g5 36. Rhb1 Ne8 37. Qd2 Nc7 38. Ng1 Nb5 39. Ne2 Be7 40. Kc1 Nd6 41. Qc2 Nxc4 42. bxc4 Rb6 43. Qa4 Rxb2 44. Rxb2 Rxb2 45. Kxb2 Qb6+ 46. Kc2 Qb8 47. Qc6 Bf8 48. Nc1 Qd8 49. Nb3 Qe7 50. Na5 Qd6 51. Qxd6 Bxd6 52. Nb7 Bc7 53. Nxc5 Bd6 54. Nb7 Bc7 55. Kb3 Kg7 56. Kb4 Kf7 57. Kc5 Ke6 58. Kc6 Bb8 59. c5 Ke7 60. Nd6 Ke6 61. Nf5 1-0

[Event "CUB-ch U18 Girls"]
[Site "Camaguey"]
[Date "2017.06.21"]
[Round "2.7"]
[White "Rodriguez Guerra, Melissa"]
[Black "Fernandez Bustamante, Leancy B"]
[Result "1-0"]
[WhiteElo "2121"]
[BlackElo "1895"]
[PlyCount "87"]
[EventDate "2017.06.21"]
[EventType "swiss"]
[EventRounds "9"]
[EventCountry "CUB"]
[SourceTitle "EXT 2023"]
[Source "ChessBase"]
[SourceDate "2022.10.05"]
[SourceVersion "1"]
[SourceVersionDate "2022.10.05"]
[SourceQuality "1"]

1. e4 c5 2. Nf3 a6 3. c4 Nc6 4. d4 cxd4 5. Nxd4 Qc7 6. Nc3 e6 7. Be3 Nf6 8. Nc2 Ne5 9. Qd4 Neg4 10. Qb6 Bd6 11. 0-0-0 Nxe3 12. Rxd6 Qxb6 13. Rxb6 Nxc2 14. Kxc2 Ke7 15. e5 Ng4 16. f4 g5 17. g3 gxf4 18. gxf4 Rg8 19. Be2 Nf2 20. Rf1 Rg2 21. Kd2 Rxh2 22. Ke3 Nh1 23. Kf3 h5 24. Rg1 Rf2+ 25. Ke3 Rh2 26. Ne4 h4 27. Bf3 Ng3 28. Nxg3 hxg3 29. Rxg3 f6 30. c5 fxe5 31. fxe5 Rb8 32. Rg2 Rh4 33. Rg4 Rh2 34. Rgb4 Rc2 35. Kd4 Rf2 36. Bxb7 Bxb7 37. Rxb7 Rf4+ 38. Kc3 Rf3+ 39. Kd2 Rc8 40. Rd4 Rxc5 41. Rdxd7+ Ke8 42. Re7+ Kd8 43. Rxe6 Rf5 44. Rxa6 1-0

[Event "Chessung (Women)"]
[Site "Guantanamo"]
[Date "2017.02.18"]
[Round "5.3"]
[White "Rodriguez Guerra, Melissa"]
[Black "Cabrera Ladron de Guevara, Mayra"]
[Result "1/2-1/2"]
[WhiteElo "1935"]
[BlackElo "2078"]
[PlyCount "78"]
[EventDate "2017.02.16"]
[EventType "tourn"]
[EventRounds "10"]
[EventCountry "CUB"]
[SourceTitle "EXT 2023"]
[Source "ChessBase"]
[SourceDate "2022.10.05"]
[SourceVersion "1"]
[SourceVersionDate "2022.10.05"]
[SourceQuality "1"]

1. e4 c5 2. Nf3 d6 3. Bb5+ Bd7 4. Bxd7+ Qxd7 5. 0-0 Nc6 6. c4 g6 7. d4 cxd4 8. Nxd4 Bg7 9. Be3 Nf6 10. f3 0-0 11. Nc3 Rac8 12. b3 Rfd8 13. Qd2 b6 14. Rfd1 Ne5 15. Rac1 h5 16. h3 Qb7 17. Bg5 Nh7 18. Bh6 Bh8 19. Nd5 Nc6 20. Nxc6 Rxc6 21. f4 Nf6 22. Nxf6+ Bxf6 23. e5 Bg7 24. Bxg7 Kxg7 25. f5 Rc5 26. fxg6 fxg6 27. exd6 Rxd6 28. Qc3+ Rf6 29. Qe3 Rcf5 30. Rd2 Qc7 31. Re1 Rf7 32. Rde2 Qd6 33. Qc3+ Kh7 34. b4 R5f6 35. c5 bxc5 36. Qxc5 Rf5 37. Qxa7 Qxb4 38. a3 Qc3 39. Qe3 Qa5 1/2-1/2

[Event "Camaguey 503 (Women)"]
[Site "Camaguey"]
[Date "2017.02.03"]
[Round "5.3"]
[White "Ramirez Borges, Elieny Yuliet"]
[Black "Rodriguez Guerra, Melissa"]
[Result "1/2-1/2"]
[WhiteElo "2019"]
[BlackElo "1935"]
[PlyCount "184"]
[EventDate "2017.02.01"]
[EventType "tourn"]
[EventRounds "9"]
[EventCountry "CUB"]
[SourceTitle "EXT 2023"]
[Source "ChessBase"]
[SourceDate "2022.10.05"]
[SourceVersion "1"]
[SourceVersionDate "2022.10.05"]
[SourceQuality "1"]

1. d4 e6 2. c4 Nf6 3. Nf3 d5 4. g3 c6 5. cxd5 exd5 6. Bg2 Bb4+ 7. Bd2 Bxd2+ 8. Nbxd2 0-0 9. 0-0 Ne4 10. Nxe4 dxe4 11. Ne5 f6 12. Nc4 Be6 13. b3 Re8 14. Qc2 Bf5 15. Ne3 Bg6 16. Rfd1 Na6 17. d5 Nb4 18. Qc5 Nxd5 19. Nxd5 cxd5 20. Rxd5 Qe7 21. Qd4 b6 22. Rd7 Qe5 23. Qxe5 Rxe5 24. Rc1 Bf5 25. Rb7 Bc8 26. Rbc7 Bf5 27. h3 h5 28. h4 Ra5 29. a4 Re8 30. Rb7 Rc5 31. Rxc5 bxc5 32. Rxa7 Rb8 33. Rc7 Rxb3 34. Rxc5 Bg6 35. Bh3 Rb1+ 36. Kg2 Ra1 37. a5 Kh7 38. Bc8 Ra2 39. e3 Kh6 40. Bb7 Ra4 41. a6 Bf7 42. Rc8 Be6 43. Re8 Bf5 44. Kf1 Kg6 45. Ke2 Kf7 46. Rd8 Ke7 47. Rd4 Ra2+ 48. Kd1 Bd7 49. Rxe4+ Kd6 50. Rd4+ Kc7 51. Rd2 Ra1+ 52. Kc2 Bb5 53. Rd5 Bxa6 54. Bxa6 Rxa6 55. Rxh5 Ra2+ 56. Kd3 g6 57. Rc5+ Kd6 58. Rc2 Ra4 59. Ke2 Ke5 60. Rd2 Rb4 61. f4+ Ke6 62. Kf3 f5 63. g4 Rb1 64. gxf5+ gxf5 65. Rh2 Kf6 66. Rh3 Rb8 67. Rh1 Kg6 68. Rg1+ Kf6 69. Rg5 Re8 70. h5 Re7 71. Rg6+ Kf7 72. Kg3 Rxe3+ 73. Kh4 Re1 74. Kg5 Rh1 75. Rf6+ Kg7 76. Rxf5 Rg1+ 77. Kh4 Rh1+ 78. Kg4 Rg1+ 79. Kf3 Re1 80. Ra5 Rh1 81. Rg5+ Kf6 82. Rg6+ Kf5 83. Rg5+ Kf6 84. Ke4 Re1+ 85. Kd5 Rd1+ 86. Kc6 Rf1 87. Rg4 Rh1 88. Rg5 Rh4 89. Rg6+ Kf5 90. Rd6 Rxf4 91. Kd7 Rh4 92. h6 Kg5 1/2-1/2